From europe agreements to accession <the> integration of the central and eastern european countries into the European Union

Salvato in:
Dettagli Bibliografici
Autore principale: Bempt, Paul van den
Altri autori: Theelen, Greet
Natura: Libro
Lingua:inglese
Pubblicazione: Brussels European Interuniversity Press 1996
Soggetti:
Tags: Aggiungi Tag
Nessun Tag, puoi essere il primo ad aggiungerne!!

MARC

LEADER 00000nam a2200000 4500
001 c117279
005 20231215115109.7
020 |a 90-5201-614-3 
041 0 |a eng 
044 |a BE 
245 1 0 |a From europe agreements to accession  |b <the> integration of the central and eastern european countries into the European Union  |c Paul Van den Bempt, Greet Theelen 
264 1 |a Brussels  |b European Interuniversity Press  |c 1996 
300 |a [159] s. 
610 2 0 |a integrácia ekonomická medzinárodná 
610 2 0 |a spolupráca hospodárska medzinárodná 
610 2 0 |a zmluvy medzinárodné 
610 2 0 |a Európska únia 
610 2 0 |a Európa 
610 2 0 |a SVE 
100 1 |a Bempt, Paul van den 
700 1 |a Theelen, Greet